01419cam a22004094i 4500003000900000005001700009008004100026020001500067035002700082040003300109082002000142100003100162245009500193264007700288300003800365336002100403337002500424338002300449490006000472504003200532505027900564526001000843526001000853526000900863526000900872526000900881526000900890526000900899526000900908526000900917526000800926526000800934526000800942526000800950526000800958600004300966PE-LiUPU20250731165456.0150623s r 000 0 d a1850755906 a(Sirsi) i9781850755906 aPE-LiUPUbspacPE-LiUPUerda04a225.077bJS2211 aMatlock, R. Barry,eautor.10aUnveiling the apocalyptic Paul :bPaul's interpreters and the rhetoric of criticism.n127. 1aMidsomer Norton, Bath, Great Britain :bSheffield Academic Press,c1996. a361 páginas ;c22 centímetros atext2rdacontent aunmediated2rdamedia avolume2rdacarrier0 aJournal for the study of N.T. Supplement Series ;v127 aBibliografía: p. 341-357.0 aThe beginnings: Albert Schweitzer and the eschatological Paul. -History and eschatology: dodd, bultmann and cullmann. -Enthuasiam for an `Apocalyptic' Paul: Ernst Käsemann. -`Apocalyptic' interpretation and interpreting `Apocalyptic' : a critique. -Once more hermeneutics. aSEG44 aSEG26 aP151 aP150 aP149 aP146 aP145 aP126 aP125 aP92 aP75 aP74 aP27 aP151 aPablo de Tarso.d2 a. C. - c. 66 d. C.